The Quick and Easy Way to Effective Speaking/ (Record no. 176358)

MARC details
000 -LEADER
fixed length control field 00697nam a22002057a 4500
005 - DATE AND TIME OF LATEST TRANSACTION
control field 20240813113341.0
010 ## - LCCN (DPL NO)
LC control number ENG-128677 ENG-141323
020 ## - INTERNATIONAL STANDARD BOOK NUMBER
International Standard Book Number 978-93-89807-95-0
Terms of availability 160.00
020 ## - INTERNATIONAL STANDARD BOOK NUMBER
International Standard Book Number 9789354980084
Terms of availability 495.00
035 ## - SYSTEM CONTROL NUMBER
System control number EN-112209
035 ## - SYSTEM CONTROL NUMBER
System control number EN-124855
037 ## - SOURCE OF ACQUISITION
Source of stock number/acquisition DBAD
082 ## - DEWEY DECIMAL CLASSIFICATION NUMBER
Classification number 808.5
100 ## - MAIN ENTRY--PERSONAL NAME
Personal name Carnegie, Dale
245 ## - TITLE STATEMENT
Title The Quick and Easy Way to Effective Speaking/
Statement of responsibility, etc By Dale Carnegie
260 ## - PUBLICATION, DISTRIBUTION, ETC. (IMPRINT)
Place of publication, distribution, etc New Delhi
Name of publisher, distributor, etc Diamond Pocket Boks (P) Ltd.
Date of publication, distribution, etc 2020
270 ## - ADDRESS
City New Delhi
Postal code 110020
Address X-30, Okhla Industrial Area, Phase-II
Electronic mail address sales@dpb.in
Telephone number 011-40712100, 41611861
Fax number 011-41611866
300 ## - PHYSICAL DESCRIPTION
Extent 187p.
Dimensions 22cm(pbk)
Other physical details .
942 ## - ADDED ENTRY ELEMENTS (KOHA)
Source of classification or shelving scheme Dewey Decimal Classification
Item type English Books
Classification part 808.5
Call number suffix CAR
Holdings
Withdrawn status Lost status Not for loan Collection code Home library Current library Date acquired Source of acquisition Cost, normal purchase price Full call number Barcode Copy number Cost, replacement price Koha item type
      Non-fiction Ashok Vihar Ashok Vihar 15/12/2020 DBAD/PUB 160.00 808.5 CAR EN-112209 1 160.00 English Books
      Non-fiction Patel Nagar Patel Nagar 13/08/2024 Delivery of Books Act Division 495.00 808.5 CAR EN-124855 1 495.00 English Books

© Delhi Public Library
Hit Counter
free hit counter